Statistiques concernant Pays du Nord au Sud - Carte

Cliquez ici pour prendre le quiz!

Statistiques générales

  • Ce quiz a été pris 312 fois
    (283 depuis la dernière actualisation)
  • Le résultat moyen est 51 sur 196

Réponses sur la Carte

Les réponses sont colorées sur une échelle allant du rouge au vert en fonction du pourcentage des utilisateurs qui les ont devinées à leur premier essai. Vous pouvez retrouver ces pourcentages ci-dessous.
 

Statistiques - réponses

LatPays% Correct
83°06'NCanada
100%
81°51'NRussie
94%
80°49'NNorvège
92%
71°23'NEtats-Unis
82%
70°05'NFinlande
80%
69°04'NSuède
80%
67°08'NIslande
77%
59°48'NEstonie
72%
60°51'NRoyaume-Uni
72%
57°45'NDanemark
71%
58°05'NLettonie
71%
56°08'NBiélorussie
69%
56°27'NLituanie
69%
55°26'NIrlande
65%
55°06'NKazakhstan
62%
55°03'NAllemagne
61%
54°50'NPologne
61%
49°01'NAutriche
59%
51°50'NBelgique
59%
53°34'NChine
59%
51°05'NFrance
59%
48°35'NHongrie
59%
50°11'NLuxembourg
59%
52º09'NMongolie
59%
53°32'NPays-Bas
59%
51°02'NRépublique Tchèque
59%
49°36'NSlovaquie
59%
52º22'NUkraine
59%
48°28'NMoldavie
57%
48°15'NRoumanie
57%
47°48'NSuisse
57%
45°43'NBosnie
Herzégovine
56%
46°33'NCroatie
56%
47°05'NItalie
56%
46°11'NSerbie
56%
46°52'NSlovénie
56%
45°36'NOuzbékistan
55%
47°14'NLiechtenstein
54%
44°13'NBulgarie
53%
45°31'NJapon
52%
43°59'NSaint Marin
50%
43º47'NEspagne
49%
43°45'NMonaco
47%
43°35'NGéorgie
45%
43°25'NKosovo
45%
43°32'NMonténégro
45%
43°16'NKirghizistan
43%
42°50'NTurkménistan
43%
42°39'NAndorre
42%
42°30'NAlbanie
41%
41°17'NArménie
41%
41°53'NAzerbaidjan
41%
43°00'NCorée du Nord
41%
41°43'NGrèce
41%
39°47'NIran
41%
42°21'NMacédoine
41%
42°07'NPortugal
41%
41°02'NTadjikistan
41%
42°06'NTurquie
41%
41°54'NVatican
40%
38°22'NAfghanistan
39%
38°37'NCorée du Sud
39%
37°23'NIrak
39%
35°42'NChypre
38%
36°05'NMalte
38%
37°06'NPakistan
37%
37°05'NAlgérie
36%
33°17'NIsraël
36%
34°43'NLiban
36%
35°55'NMaroc
36%
37°19'NSyrie
36%
37°21'NTunisie
36%
33°22'NJordanie
35%
35°30'NInde
34%
32°43'NMexique
34%
32°14'NArabie Saoudite
32%
26°38'NBangladesh
32%
31°36'NEgypte
32%
33°10'NLibye
32%
28°20'NBhoutan
31%
30°06'NKoweit
31%
28°32'NMyanmar
31%
30°26'NNépal
31%
27°16'NBahamas
30%
26°23'NTaiwan
29%
26°20'NMauritanie
28%
26°17'NBahrein
27%
26°05'NEmirats Arabes Unis
27%
26°09'NQatar
27%
25°00'NMali
26%
23°31'NNiger
26%
26°30'NOman
26%
23°30'NTchad
26%
23°22'NVietnam
26%
22°29'NLaos
25%
22°12'NSoudan
25%
23°16'NCuba
23%
20°27'NThailande
23%
19°00'NYemen
22%
21°07'NPhilippines
21%
20°04'NHaiti
19%
19°55'NRépublique Dominicaine
19%
18°29'NBelize
18%
17°49'NGuatemala
18%
17°59'NErythrée
17%
17°44'NAntigua et Barbuda
16%
18°31'NJamaique
14%
29°13'SNouvelle Zélande
14%
16°41'NSénégal
12%
22°20'SAfrique du Sud
9%
21°48'SArgentine
9%
25°44'SEswatini
9%
28°34'SLesotho
9%
15°05'NBurkina Faso
8%
14°30'NCambodge
8%
17°19'SChili
8%
30°05'SUruguay
8%
13°49'NGambie
7%
09°16'SAustralie
6%
04°24'SAngola
5%
13°20'NBarbade
5%
17°46'SBotswana
5%
17°12'NCap Vert
5%
14°53'NEthiopie
5%
12°30'SFidji
5%
17°24′NHonduras
5%
16°56'SNamibie
5%
13°50'NNigeria
5%
14°07'NSainte Lucie
5%
14°26'NSalvador
5%
13°25'SSamoa
5%
13°05'NCameroun
4%
05°22'NCongo
4%
12°43'NDjibouti
4%
15°38'NDominique
4%
12°31'NGrenade
4%
12°08'SMadagascar
4%
10°25'SMaurice
4%
10°27'SMozambique
4%
19°33'SParaguay
4%
03°43'NRep. du Congo
4%
11°08'NTogo
4%
15°36'STonga
4%
08°14'SZambie
4%
15°37'SZimbabwe
4%
12°25'NBénin
3%
09°40'SBolivie
3%
02°18'SBurundi
3%
11°01'NCentrafrique
3%
11°22'SComores
3%
11°10'NGhana
3%
05°49'NIndonésie
3%
05°35'NKenya
3%
08°33'NLibéria
3%
07°15'NMalaisie
3%
09°22'SMalawi
3%
15°01'NNicaragua
3%
08°10'NPalaos
3%
09°38'NPanama
3%
01°15'SPapouasie Nouvelle Guinée
3%
05°13'SSalomon
3%
10°00'NSierra Leone
3%
12°14'NSoudan du Sud
3%
00°59'STanzanie
3%
11º21'NTrinité et Tobago
3%
13°07'SVanuatu
3%
05°04'NBrunei
2%
13°23'NColombie
2%
11º13'NCosta Rica
2%
10°44'NCôte d'Ivoire
2%
02°19'NGabon
2%
12°41'NGuinée
2%
12°41'NGuinée-Bissau
2%
03°47'NGuinée Equatoriale
2%
08°24'NGuyana
2%
02°03'NKiribati
2%
07°07'NMaldives
2%
14°32'NMarshall
2%
00°30'SNauru
2%
04°14'NOuganda
2%
00°01'SPérou
2%
01°03'SRwanda
2%
13°22'NSaint Vincent les
Grenadines
2%
03°43'SSeychelles
2%
01°28'NSingapour
2%
11°59'NSomalie
2%
09°30'NSri Lanka
2%
06°01'NSuriname
2%
08°19'STimor Oriental
2%
05°39'STuvalu
2%
15º40'NVénézuela
2%
05°15'NBrésil
1%
01°27'NEquateur
1%
10°05'NMicronésie
1%
17°26'NSaint Christophe et Nevis
1%
01°42'NSão Tomé et
Príncipe
1%

Distribution des résultats

Percentile par nombre de réponses

% des personnes avec chaque résultat

Votre développement - résultats

Vous n’avez pas pris ce quiz depuis la dernière actualisation